000 00299nam a2200133Ia 4500
008 100328s9999 xx 000 0 und d
082 _b54933
100 _aNath Suresh
245 _aRughu Vansh
260 _bS.Chand & Company
630 _aRughu Vansh
730 _aRughu Vansh
942 _cBOOK
999 _c541636
_d541633